000 01088nam a22002537a 4500
005 20170124103118.0
010 _aB-049389
020 _c125.00
035 _aB-049389
037 _bCen Lib/Ret
040 _aDPL
_bHN
082 _a370.1
_bमिश्रभा
100 _aमिश्र, भारतेन्दु
_981271
245 _aबढ़ती जनसंख्या और शिक्षा /
_cभारतेन्दु मिश्र
246 _aBadhti jansankhya aur shiksha /
_bby Bhartendu Mishra
260 _aदिल्ली
_bविक्रम प्रकाशन
_c2001
270 _bदिल्ली
_aई-11/5, कृष्णनगर
_e110051
300 _a127पृ.
_c20सेमी(सजिल्द)
650 _aजनसंख्या -- समस्या
_91483
650 _aजनसंख्या -- वृद्धि के कारण
_981272
650 _aPopulation - Problem
_981273
650 _aPopulation - due to increased
_981274
942 _2ddc
_cHN
_h370.1
_mमिश्रभा
999 _c118644
_d118644